00233nam a2200097Ia 4500008004100000100001700041245003600058260001900094942000700113999001500120190216s9999||||xx |||||||||||||| ||und|| aRaman V N S 0aAccountancy And Commerce Vol Ii bOrient Longman cBK c3989d3989